Reagan at Reykjavik : (Record no. 18458)
[ view plain ]
| 000 -LEADER | |
|---|---|
| fixed length control field | 01138cam a2200301 i 4500 |
| 001 - CONTROL NUMBER | |
| control field | 18311875 |
| 005 - DATE AND TIME OF LATEST TRANSACTION | |
| control field | 20141015153352.0 |
| 008 - FIXED-LENGTH DATA ELEMENTS--GENERAL INFORMATION | |
| fixed length control field | 140922t2014 xxueo frb 001 0deng d |
| 020 ## - INTERNATIONAL STANDARD BOOK NUMBER | |
| International Standard Book Number | 9780062310194 |
| 040 ## - CATALOGING SOURCE | |
| Original cataloging agency | TXB |
| Language of cataloging | eng |
| Transcribing agency | TXB |
| Modifying agency | TXB |
| -- | OCLCO |
| -- | BUR |
| -- | WIH |
| -- | YDXCP |
| -- | VP@ |
| -- | ILC |
| -- | CDX |
| -- | UAB |
| -- | DLC |
| -- | EG-ScBUE |
| 043 ## - GEOGRAPHIC AREA CODE | |
| Geographic area code | n-us--- |
| -- | e-ur--- |
| -- | e-ic--- |
| 082 00 - DEWEY DECIMAL CLASSIFICATION NUMBER | |
| Classification number | 327.73047 |
| Edition number | 22 |
| Item number | ADE |
| 100 1# - MAIN ENTRY--PERSONAL NAME | |
| Personal name | Adelman, Kenneth L. |
| 9 (RLIN) | 36224 |
| 245 10 - TITLE STATEMENT | |
| Title | Reagan at Reykjavik : |
| Remainder of title | forty-eight hours that ended the Cold War / |
| Statement of responsibility, etc | Ken Adelman. |
| 250 ## - EDITION STATEMENT | |
| Edition statement | 1st ed. |
| 260 ## - PUBLICATION, DISTRIBUTION, ETC. (IMPRINT) | |
| Place of publication, distribution, etc | New York, United States : |
| Name of publisher, distributor, etc | Broadside Books, |
| Date of publication, distribution, etc | c.2014. |
| 300 ## - PHYSICAL DESCRIPTION | |
| Extent | viii, 375 p. : |
| Other physical details | photographs, plans ; |
| Dimensions | 24 cm. |
| 500 ## - GENERAL NOTE | |
| General note | Index : p. 365-375. |
| 504 ## - BIBLIOGRAPHY, ETC. NOTE | |
| Bibliography, etc | Bibliography : p. 345-364. |
| 600 10 - SUBJECT ADDED ENTRY--PERSONAL NAME | |
| Personal name | Reagan, Ronald |
| 9 (RLIN) | 36225 |
| 600 10 - SUBJECT ADDED ENTRY--PERSONAL NAME | |
| Personal name | Gorbachev, Mikhail Sergeevich, |
| Dates associated with a name | 1931- |
| 9 (RLIN) | 36226 |
| 650 #0 - SUBJECT ADDED ENTRY--TOPICAL TERM | |
| Topical term or geographic name as entry element | Summit meetings |
| Geographic subdivision | Iceland |
| -- | Reykjavík |
| 9 (RLIN) | 36227 |
| 651 #0 - SUBJECT ADDED ENTRY--GEOGRAPHIC NAME | |
| Geographic name | United States |
| General subdivision | Foreign relations |
| Geographic subdivision | Soviet Union |
| 9 (RLIN) | 36228 |
| 651 #0 - SUBJECT ADDED ENTRY--GEOGRAPHIC NAME | |
| Geographic name | Soviet Union |
| General subdivision | Foreign relations |
| Geographic subdivision | United States |
| 9 (RLIN) | 36229 |
| 653 ## - INDEX TERM--UNCONTROLLED | |
| Resource For college | BAEPS, Political Science |
| Arrived date list | October2014 |
| 655 ## - INDEX TERM--GENRE/FORM | |
| Form subdivision | |
| -- | 34232 |
| 942 ## - ADDED ENTRY ELEMENTS (KOHA) | |
| Source of classification or shelving scheme | Dewey Decimal Classification |
| Call number prefix | 327.73047 ADE |
| Withdrawn status | Item status | Source of classification or shelving scheme | Damaged status | Not for loan | Vendor | Home library | Current library | Shelving location | Date acquired | Source of acquisition | Cost, normal purchase price | Total Checkouts | Full call number | Barcode | Date last seen | Cost, replacement price | Koha item type |
|---|---|---|---|---|---|---|---|---|---|---|---|---|---|---|---|---|---|
| Dewey Decimal Classification | Baccah | Central Library | Central Library | First floor | 15/10/2014 | 280.00 | 327.73047 ADE | 000036682 | 15/07/2025 | 350.00 | Book - Borrowing | ||||||
| Dewey Decimal Classification | Baccah | Central Library | Central Library | First floor | 15/10/2014 | 280.00 | 327.73047 ADE | 000036683 | 15/07/2025 | 350.00 | Book - Borrowing | ||||||
| Dewey Decimal Classification | Baccah | Central Library | Central Library | First floor | 15/10/2014 | 280.00 | 327.73047 ADE | 000036684 | 15/07/2025 | 350.00 | Book - Borrowing |